000 00297 a2200157 4500
001 180987
020 _a
040 _cMagnum
100 _aMucci, Alfredo
240 1 0 _aAcaua
_lpor
245 1 0 _aAcaua
362 0 _a1899
440 1 _aModerna
697 _aMAGNITO: J/FOLCLORE
942 _cBK
999 _c180987
_d180987